01159 a2200193 45000010006000000050017000060080041000230030015000640400040000790800040001192450056001590200022002152640037002373000022002745050536002960410008008321000030008408560095008704077220260407155703.0260407a2013 arg spa dAR-UNSa-BCEJYS aAR-UNSa-BCEJYSbspacAR-UNSa-BCEJYS a338.23:336.74xPolítica monetaria10aOpen economy macroeconomics in developing countries a978-0-262-01890-6 1aCambridge :bThe MIT Pressc2013 ax, 898 p.c23 cm. a1. The basic intertemporal model - 2. Capital markets imperfections - 3. Intertemporal prices - 4. Non-tradable goods and relative prices - 5. The basic monetary model - 6. The monetary approach to the balance of payments - 7. Temporary policy - 8. Sticky prices - 9. Interest rate policy - 10. Optimal fiscal and monetary policy in the open economy - 11. Optimal exchange rate regimes - 12. Real anchors - 13. Stopping high inflation - 14. Capital inflows - 15. Dollarization - 16. Balance of payment crises - 17. Financial crises aspa1 aVégh Gramont, Carlos A.41uhttps://biblioeco.unsa.edu.ar/pmb/images/libros/L126239.jpgyImagen de portadaqimage/jpeg